| 000 | 01235nam a2200301 a 4500 | ||
|---|---|---|---|
| 001 | 000006851 | ||
| 003 | DO-SdBNP | ||
| 005 | 20211124111921.0 | ||
| 008 | 090903s1999 dr 001 0 spa d | ||
| 040 |
_aDO-SdBNP _bspa _cBNPHU |
||
| 082 | 4 |
_a467.97293 _bP438h _222 |
|
| 100 | 1 |
_aPérez Guerra, Irene _919025 |
|
| 245 | 1 | 0 |
_aHistoria y lengua : _bla presencia canaria en Santo Domingo. El caso de Sabana de la Mar / _cIrene Pérez Guerra. |
| 260 |
_aSanto Domingo : _bPatronato de la Ciudad Colonial de Santo Domingo: _bCentro de Altos Estudios Humanísticos y del Idioma Español, _c1999. |
||
| 300 |
_a624 p. : _bil., gráf. , mapas ; _c28 cm. |
||
| 500 | _aIncluye notas al pie de las páginas. | ||
| 500 | _aIncluye índices | ||
| 504 | _aBibliografía : p. 479-507 | ||
| 590 | _aInventariado, 2018/LP | ||
| 650 | 4 |
_aEspañol en República Dominicana _918785 |
|
| 650 | 4 |
_aSabana de la Mar (República Dominicana) _xHistoria _919026 |
|
| 650 | 4 |
_aEspañol en la Islas Canarias _919027 |
|
| 650 | 4 |
_aEspañol en el Caribe (Región) _919028 |
|
| 650 | 4 |
_aIslas Canarias _xEmigración e inmigración _919029 |
|
| 651 | 4 |
_aIslas Canarias _xHistoria _918525 |
|
| 910 | _aValidado. Control de calidad MMOLINA | ||
| 942 |
_2ddc _cLBS1 |
||
| 999 |
_c6639 _d6639 |
||